000 02262nam a22004817a 4500
003 OSt
005 20250925135321.0
007 ta
008 210112e2020 dr |||gr||||s001 0dspa d
040 _aDO-SdBNP
_besp
_cBNPHU
041 _hspa
082 4 _a351.7293
_bM778d
_222
100 1 _aMontero, Gregorio.
_964275
245 1 0 _aDimensiones de la administración pública del siglo XXI :
_baportes para la reflexión y la praxis /
_cGregorio Montero ; prólogo Manuel Villoria.
260 _aSanto Domingo :
_bMAP,
_c2020.
300 _a342 p.
_c22 cm
500 _aIncluye referencias bibliográficas y notas al pie de las páginas
504 _aBibliografía : p. 337-342
505 1 _aPresentación
505 1 _a Prólogo
505 1 _aIntroducción.
505 1 _aA propósito del covid-19.
505 1 _aI. El Estado moderno : un contrato social indefinido.
505 1 _aII. Administración pública del siglo XXI, un enfoque conceptual necesario.
505 1 _aIII :Cláusula social del Estado y su proyeccion en la administración pública.
505 1 _aIV. Dimensión jurídica de la administración pública.
505 1 _aV. Derecho de la buena administración.
505 1 _aVI. Organización administrativa.
505 1 _aVII. Profesionalización de la función pública en el contexto regional.
505 1 _aVIII. De tecnócratas y políticos a tecno-políticos: un reto de la gestión pública.
505 1 _aIX. Gobierno abierto: una nueva estrategia para bogernar.
505 1 _aX. Ética y administración pública.
505 1 _aXI. Responsabilidad y potestad desciplinaria en la administración pública.
505 1 _aXII. control jurisdiccional de la administación pública.
505 1 _aXIII : Estado, administración Pública y universal.
505 1 _aXIV. Tendencias de reforma del Estado y modernización de la administración pública. Bibliografía.
590 _aInventariado, 2021/MFF
651 4 _aRepública Dominicana
_xAdministración pública
_ySiglo XXI
_978960
700 _aVilloria, Mnauel,
_eprólogo
_977660
710 1 _aRepública Dominicana
_bMinisterio de Administración Pública
_965952
910 _aValidado. Control de calidad MFF
942 _2ddc
_cLBS1
999 _c49309
_d49309